Joan edukira

Автоматизация бухгалтерского и налогового учета в программе «1С: Бухгалтерия 8.3» учебное пособие

Учебное пособие подготовлено в соответствии с требованиями ФГОС ВО по направлению подготовки 38.03.01 «Экономика» для углубленного изучения дисциплины «Компьютерный практикум по бухгалтерскому учёту». Учебное пособие объясняет, как автоматизировать бухгалтерский и налоговый учет, правильно формирова...

Deskribapen osoa

Gorde:
Xehetasun bibliografikoak
Egile nagusia: Кружкова И. И.
Beste egile batzuk: Гамидова Н. Г.
Formatua: Книга
Hizkuntza:Russian
Argitaratua: Орел ОрелГАУ 2016
Sarrera elektronikoa:https://e.lanbook.com/book/106957
https://e.lanbook.com/img/cover/book/106957.jpg
Etiketak: Etiketa erantsi
Etiketarik gabe, Izan zaitez lehena erregistro honi etiketa jartzen!
LEADER 02116nam0a2200253 i 4500
001 106957
003 RuSpLAN
005 20221220174013.0
008 221220s2016 ru gs 000 0 rus
040 |a RuSpLAN 
041 0 |a rus 
044 |a ru 
080 |a 657.221 
245 0 0 |a Автоматизация бухгалтерского и налогового учета в программе «1С: Бухгалтерия 8.3»  |b учебное пособие  |c Кружкова И. И.,Гамидова Н. Г. 
260 |a Орел  |b ОрелГАУ  |c 2016 
300 |a 230 с. 
504 |a Библиогр.: доступна в карточке книги, на сайте ЭБС Лань 
520 8 |a Учебное пособие подготовлено в соответствии с требованиями ФГОС ВО по направлению подготовки 38.03.01 «Экономика» для углубленного изучения дисциплины «Компьютерный практикум по бухгалтерскому учёту». Учебное пособие объясняет, как автоматизировать бухгалтерский и налоговый учет, правильно формировать бухгалтерскую и налоговую отчетность. В учебном пособии приведен иллюстрированный сквозной пример. Учебное пособие предназначено для преподавателей ВУЗов, студентов направления подготовки 38.03.01 «Экономика», студентов СУЗов, а так же студентов других профилей подготовки. 
521 8 |a Книга из коллекции ОрелГАУ - Экономика и менеджмент 
100 1 |a Кружкова И. И. 
700 1 |a Гамидова Н. Г. 
856 4 |u https://e.lanbook.com/book/106957 
856 4 8 |u https://e.lanbook.com/img/cover/book/106957.jpg 
953 |a https://e.lanbook.com/img/cover/book/106957.jpg